000 00767 a2200193 4500
010 _aENG-89560
020 _c300.00
035 _aEN-73093
037 _bDBAD / PUB
082 1 4 _a354.1040917671
090 _c11145
_d11145
100 _aHashmi, Syed Masroor Ali Akhtar
245 _aAn introduction to the member and observer states of organization of the Islamic Conference/
_cby Syed Masroor Ali Akhtar Hashmi
260 _aNew Delhi
_bHira Publications
_c2008
270 _a257-E, Lane No. 1, Noor Nagar, P.O. Jamia Nagar,
_bNew Delhi
_e110025
_k26924159
300 _a195p.:
_bb & w photos, maps
_c28 cm (Hb)
942 _adpl
_cEN
_k354.1040917671/HAS
999 _c10840
_d10840